000 00465cam a2200145 4500500
005 20251012032458.0
041 _afre
042 _adc
100 1 0 _aQuint, Anne-Marie
_eauthor
245 0 0 _aUn roman de la dissimulation : Menina e Moça de Bernardim Ribeiro
260 _c2001.
500 _a79
786 0 _nSigila | 8 | 2 | 2001-12-20 | p. 19-33 | 1286-1715
856 4 1 _uhttps://shs.cairn.info/revue-sigila-2001-2-page-19?lang=fr&redirect-ssocas=7080
999 _c1547412
_d1547412